000
00284nam a2200109Ia 4500
008
220204s9999 xx 000 0 und d
082
_a
631.811.1:005
_b
JOH
100
_a
Johnson, J Benton
245
0
_a
Kjeldahl method for nitrogen determination
260
_a
Athens
_c
1991
942
_c
BK
999
_c
40581
_d
40581